| 000 | 00742cam a2200301 4500 | ||
|---|---|---|---|
| 001 | |||
| 008 | 090401t1983 xxu||||| |||| 00| 0 eng d | ||
| 020 | _a0408011513 | ||
| 035 | _a(Sirsi) u6009 | ||
| 041 | _aeng | ||
| 050 | _a624.17 | ||
| 100 | _aMorgan, W. | ||
| 245 | _aStudents structural handbook | ||
| 250 | _a3rd | ||
| 260 |
_aLondon _bButterworths _c1983 |
||
| 300 | _a86p. 25cm | ||
| 350 | _a6.75 | ||
| 520 | _aRevised by B G Fletcher and S A Lavan | ||
| 650 | _aSTEELWORK | ||
| 650 | _aSTRUCTURES | ||
| 650 | _aCONCRETE | ||
| 650 | _aTIMBER STRUCTURES | ||
| 650 | _aLOAD BEARING WALLS | ||
| 650 | _aPRESTRESSED CONCRETE | ||
| 690 | _aBUILT ENVIRONMENT-CONSTRUCTION DESIGN | ||
| 942 | _n0 | ||
| 948 | _c04/03/1997 | ||
| 999 |
_c86237 _d86237 |
||